| 000 | 00524nam a22001697a 4500 | ||
|---|---|---|---|
| 008 | 160208b xxu||||| |||| 00| 0 eng d | ||
| 020 | _a1284041583 | ||
| 100 | _aMcGonigle Dee | ||
| 245 |
_aNursing Informatics/ _band the Foundation of Knowledge _cDee McGonigle |
||
| 250 | _a3rd Ed | ||
| 260 |
_aUSA _bJones and Bartlett _c2015 |
||
| 300 |
_axxx, 580 p. _bill. |
||
| 650 | _2Nursing Informatics | ||
| 650 | _2Knowledge | ||
| 700 | _aKathleen Garver Mastrian | ||
| 942 |
_2lcc _cBK _e3rd ed _hRT 50.5 _k.M34 2015 c.1 |
||
| 999 |
_c15598 _d15598 |
||